Sites de droite ou de gauche ? - Statistiques

Statistiques générales
  • Ce quiz a été pris 92 fois
  • Le résultat moyen est 7 sur 11
Statistiques - réponses
Hint Réponse % Correct
marxists.org Gauche
92%
x.com Droite
88%
lafranceinsoumise.fr Gauche
88%
fbi.gov Droite
86%
m.youtube.com Droite
74%
miraculous.to Gauche
65%
naenara.com.kp Gauche
57%
newpipe.net Gauche
52%
zagstore.eu Droite
48%
jetpunk.com Droite
46%
mediapart.fr Droite
30%
Aucun quiz correspondant
Distribution des résultats
% des personnes avec chaque résultat
Percentile par nombre de réponses
Votre historique - résultats
Vous n’avez pas pris ce quiz